Statistical analysis of Electron beam welded 10mm Thick KOVAR Plate Using Taguchi method / (Record no. 526461)

000 -LEADER
fixed length control field 00600nam a22001817a 4500
003 - CONTROL NUMBER IDENTIFIER
control field NUST
020 ## - INTERNATIONAL STANDARD BOOK NUMBER
Qualifying information Hardcover.
038 ## - RECORD CONTENT LICENSOR
Staff Name Mr. Zahoor
082 ## - DEWEY DECIMAL CLASSIFICATION NUMBER
Classification number 620.1
100 ## - MAIN ENTRY--PERSONAL NAME
Personal name Rafique, Shazia
9 (RLIN) 17468
245 ## - TITLE STATEMENT
Title Statistical analysis of Electron beam welded 10mm Thick KOVAR Plate Using Taguchi method /
Statement of responsibility, etc. Shazia Rafique.
260 ## - PUBLICATION, DISTRIBUTION, ETC.
Place of publication, distribution, etc. Islamabad :
Name of publisher, distributor, etc. SMME - NUST,
Date of publication, distribution, etc. 2018.
300 ## - PHYSICAL DESCRIPTION
Extent 79 p. : ill. ;
Dimensions 30cm.
Accompanying material +CD.
650 ## - SUBJECT ADDED ENTRY--TOPICAL TERM
Topical term or geographic name entry element Mechanical Engineering - MS Thesis
9 (RLIN) 16090
700 ## - ADDED ENTRY--PERSONAL NAME
Personal name Dr. Mushtaq Khan
9 (RLIN) 16155
856 ## - ELECTRONIC LOCATION AND ACCESS
Uniform Resource Identifier <a href="http://10.250.8.41:8080/xmlui/handle/123456789/13015">http://10.250.8.41:8080/xmlui/handle/123456789/13015</a>
942 ## - ADDED ENTRY ELEMENTS (KOHA)
Source of classification or shelving scheme
Koha item type Thesis
Holdings
Withdrawn status Lost status Source of classification or shelving scheme Damaged status Not for loan Permanent Location Current Location Shelving location Date acquired Full call number Barcode Date last seen Price effective from Koha item type
          Central Library (CL) Central Library (CL) Thesis 07/12/2019 620.1 CL-T-2406 07/19/2019 07/12/2019 Thesis
© 2023 Central Library, National University of Sciences and Technology. All Rights Reserved.